Glee Songs (Season 2) Quiz Stats

Quiz Updated Oct 18, 2016

Challenge
Share
Tweet
Embed
Score 0/143 Timer 15:00
1 Play Today
Episode Song % Correct
AuditionTelephone
80.5%
ComebackBaby
74.8%
AuditionEmpire State of Mind
74.6%
The SubstituteForget You
72.4%
DuetsSing!
68.4%
ComebackSing
68.4%
AuditionBillionaire
67.6%
Britney/BrittanyToxic
66.8%
The SubstituteUmbrella
65.2%
FurtJust the Way You Are
64.5%
The SubstituteSingin' in the Rain
62.5%
Never Been KissedTeenage Dream
61.2%
DuetsLucky
60.9%
FurtMarry You
59.3%
The Sue Sylvester Bowl ShuffleCalifornia Gurls
58.8%
Britney/BrittanyThe Only Exception
58.8%
The Rocky Horror Glee ShowTime Warp
58.8%
The Sue Sylvester Bowl ShuffleThriller
58.7%
Blame It On the AlcoholTik Tok
56.8%
Silly Love SongsFirework
55.8%
Born This WayBorn This Way
55.7%
Original SongLoser Like Me
55.6%
The Sue Sylvester Bowl ShuffleNeed You Now
53.7%
Special EducationHey, Soul Sister
53.2%
Blame It On the AlcoholBlame It
52.9%
Prom QueenFriday
52.4%
Britney/BrittanyMe Against the Music
51.7%
Britney/Brittany...Baby One More Time
51.4%
Prom QueenRolling in the Deep
50.6%
Special EducationDog Days Are Over
49.2%
Prom QueenDancing Queen
49.2%
Grilled CheesusLosing My Religion
49.1%
Original SongRaise Your Glass
47.8%
ComebackSomebody to Love
47.5%
The Sue Sylvester Bowl ShuffleHeads Will Roll
47%
Blame It On the AlcoholMy Headband
46.8%
Original SongTrouty Mouth
46.8%
A Very Glee ChristmasLast Christmas
46.2%
The Rocky Horror Glee ShowDammit Janet
45.5%
Original SongGet It Right
45.3%
SexyAnimal
45.3%
Special EducationValerie
45%
Britney/BrittanyStronger
45%
Original SongHell to the No
44.9%
Britney/BrittanyI'm a Slave 4 U
44.6%
DuetsRiver Deep - Mountain High
44.5%
Prom QueenJar of Hearts
44.5%
DuetsDon't Go Breaking My Heart
44%
Episode Song % Correct
Grilled CheesusI Want to Hold Your Hand
44%
Never Been KissedLivin' on a Prayer
43.9%
Silly Love SongsSilly Love Songs
43.9%
Original SongMisery
41.3%
Special EducationDon't Cry for Me Argentina
41%
New YorkMy Cup
40.8%
Blame It On the AlcoholDon't You Want Me
40.7%
Special Education(I've Had) The Time of My Life
40.5%
AuditionListen
40.3%
Grilled CheesusOne of Us
40.1%
FurtSway
39.9%
SexyLandslide
38.8%
SexyKiss
38.6%
The Rocky Horror Glee ShowSweet Transvestite
38.4%
Original SongCandles
38.3%
Original SongBig Ass Heart
37.8%
The Sue Sylvester Bowl ShuffleBills, Bills, Bills
37.7%
Night of NeglectTurning Tables
37.2%
Silly Love SongsP.Y.T. (Pretty Young Thing)
36.9%
FuneralBack to Black
36.6%
Born This WayI Feel Pretty
36.5%
Original SongBlackbird
36.5%
Never Been KissedOne Love/People Get Ready
36.4%
Grilled CheesusOnly the Good Die Young
35.6%
Born This WayUnpretty
35.5%
Silly Love SongsFat Bottomed Girls
35.4%
Born This WaySomewhere Only We Know
35.2%
RumoursGo Your Own Way
34.9%
Grilled CheesusPapa, Can You Hear Me?
34.9%
Original SongOnly Child
34.8%
A Very Glee ChristmasYou're a Mean One, Sue the Grinch
34.8%
ComebackTake Me or Leave Me
34.7%
FuneralPure Imagination
34.4%
Never Been KissedStart Me Up
34.1%
Never Been KissedStop! In the Name of Love
33.6%
New YorkLight Up the World
33.3%
New YorkPretending
33.3%
Born This WayBarbra Streisand
32.7%
AuditionWhat I Did for Love
32.5%
The SubstituteMake 'em Laugh
32%
AuditionEvery Rose Has Its Thorn
31.8%
RumoursDon't Stop
31.2%
New YorkNew York, New York
31.1%
The Rocky Horror Glee ShowHot Patootie
30.6%
DuetsLe Jazz Hot!
30.6%
The Sue Sylvester Bowl ShuffleShe's Not There
30.4%
DuetsHappy Days Are Here Again
30.3%
The Rocky Horror Glee ShowOver at the Frankenstein Place
30.1%
Episode Song % Correct
New YorkFor Good
30%
The Rocky Horror Glee ShowScience Fiction/Double Feature
29.9%
New YorkYeah!
29.7%
RumoursSongbird
29.5%
A Very Glee ChristmasBaby, It's Cold Outside
29.2%
SexyDo You Wanna Touch Me (Oh Yeah)
29.2%
Silly Love SongsWhen I Get You Alone
28.6%
DuetsGet Happy
28.5%
Never Been KissedFree Your Mind
28.1%
The Rocky Horror Glee ShowTouch-a, Touch-a, Touch-a, Touch Me
27.7%
The SubstituteConjunction Junction
27.2%
New YorkBella Notte
27%
Grilled CheesusBridge over Troubled Water
26.6%
Prom QueenIsn't She Lovely?
26.5%
The SubstituteNowadays / Hot Honey Rag
25.7%
AuditionGetting To Know You
25.4%
Grilled CheesusI Look to You
25.4%
Britney/BrittanySailing
24.7%
SexyAfternoon Delight
24.6%
New YorkI Love New York
24.5%
RumoursDreams
24%
FuneralMy Man
23.2%
FurtOhio
21.8%
A Very Glee ChristmasMerry Christmas Darling
21.5%
Night of NeglectAll by Myself
21.3%
ComebackI Know What Boys Like
21.1%
DuetsWith You I'm Born Again
20.8%
Prom QueenI'm Not Gonna Teach Your Boyfriend How to Dance With You
20.5%
RumoursI Don't Want to Know
20.3%
A Very Glee ChristmasWelcome Christmas
20.2%
Blame It On the AlcoholOne Bourbon, One Scotch, One Beer
19.7%
Special EducationThe Living Years
19.6%
A Very Glee ChristmasWe Need a Little Christmas
19.4%
A Very Glee ChristmasThe Most Wonderful Day of the Year
19.4%
Born This WayAs If We Never Said Goodbye
19.1%
Silly Love SongsMy Funny Valentine
19%
Night of NeglectI Follow Rivers
18.6%
Night of NeglectBubble Toes
18.4%
FuneralTry a Little Tenderness
17.8%
Night of NeglectAin't No Way
17.4%
Born This WayI've Gotta Be Me
17%
RumoursNever Going Back Again
16.8%
FuneralSome People
15.7%
New YorkStill Got Tonight
15.3%
Original SongJesus is My Friend
15%
New YorkAs Long as You're There
14.9%
ComebackThis Little Light of Mine
12.7%

You're not logged in!

Compare scores with friends on all Sporcle quizzes.
Sign Up with Email
OR
Log In

You Might Also Like...

Show Comments

Extras

Top Quizzes Today


Score Distribution

Your Account Isn't Verified!

In order to create a playlist on Sporcle, you need to verify the email address you used during registration. Go to your Sporcle Settings to finish the process.